Statistics for Football Clubs Carlos Tévez Played For

Click here to take the quiz!

General Stats

  • This quiz has been taken 161 times
  • The average score is 5 of 8

Answer Stats

YearsClub% Correct
2007-2009Manchester United
96%
2009-2013Manchester City
93%
2004-2015Argentina
83%
2013-2015Juventus
83%
2001-2004Boca Juniors
81%
2006-2007West Ham United
60%
2016-2018Shanghai Shenhua
18%
2005-2006Corinthians
14%

Score Distribution

Percentile by Number Answered

Percent of People with Each Score

Your Score History

You have not taken this quiz